| 000 | 00946nam a2200289Ia 4500 | ||
|---|---|---|---|
| 003 | CO-BoRNBP | ||
| 005 | 20240612110053.0 | ||
| 007 | ta | ||
| 008 | 121119s2002 ck grl 000 0 spa | ||
| 020 | _a9586483339 | ||
| 040 |
_aCO-BoRNBP _bspa _erda _cCO-BoRNBP |
||
| 041 | 0 | _aspa | |
| 082 | 0 | 4 |
_aR 342.023 _bP25C |
| 100 | 1 | _aPeña Peña, Rogelio Enrique | |
| 245 | 1 | 0 |
_aConstitución política de Colombia _bconcordancia, jurisprudencia, doctrina, comentarios _cRogelio Enrique Peña Peña |
| 250 | _aQuinta edición | ||
| 264 |
_aBogotá _bEcoe _c2002 |
||
| 300 |
_a487 páginas _c21 cm _e1 CD-ROM |
||
| 336 |
_atexto _btxt _2rdacontent |
||
| 337 |
_asin mediación _bn _2rdamedia |
||
| 338 |
_avolumen _bnc _2rdacarrier |
||
| 490 | 0 | _aLas leyes de Colombia | |
| 650 | 1 | 4 |
_aDerecho constitucional colombiano _2LEMB _941609 |
| 650 | 1 | 4 |
_aConstitución colombiana _2LEMB _941610 |
| 651 | 4 |
_aColombia _xConstitución _941611 |
|
| 942 |
_2ddc _cBK |
||
| 999 |
_c38185 _d38185 |
||